| 000 | 00833nam a2200205 4500 | ||
|---|---|---|---|
| 001 | 269 | ||
| 005 | 20181127161042.0 | ||
| 020 | 0 | 0 | _a8175810483 |
| 090 | 0 | 0 | _a821.4 D799m L196 2009 |
| 100 | 0 | 0 | _aDryden, John. |
| 245 | 0 | 0 |
_aMacFlecknoe : _bA song for St. Cecilia's day & Alexander's feast / _cJohn Dryden. _h |
| 250 | 0 | 0 | _a28th ed. |
| 260 | 0 | 0 |
_aNew Delhi : _bRama Brothers India, _c2009. |
| 300 | 0 | 0 | _aviii, 103 p. |
| 500 | _aElectronic copy available on RTC Cloud in "Library" folder | ||
| 500 | 0 | 0 | _a"Edited with a critical introduction, complete paraphrase of the text, notes, explanations, & questions with answers by Ramji Lall" |
| 650 | 0 | 0 |
_aDryden, John, 1631-1700. MacFlecknoe. _x |
| 700 |
_aLall, Ramji. _b _c _d _e _k _l _m _n _o _p _q _r _s _t |
||
| 856 |
_a _uhttp://andromeda.rutgers.edu/~jlynch/Texts/macflecknoe.html _yMac Flecknoe _z _3 |
||
| 999 |
_c239 _d239 |
||